| 000 | 00393cam a22001097a 4500 | ||
|---|---|---|---|
| 008 | 180718b xxu||||| |||| 00| 0 eng d | ||
| 082 | _aW96x42 Un3 | ||
| 100 | _aCommittee on Boradcasting | ||
| 245 |
_aReport of the committee on broadcasting _cby Committee on Boradcasting, United Kingdom |
||
| 260 |
_aLondon _bHer Majesty's Stationery Office _c |
||
| 500 | _aContents: Library has 1960(v.1),1961, 1962 | ||
| 999 |
_c425111 _d425111 |
||